| 000 | 00571nam a2200181 a 4500 | ||
|---|---|---|---|
| 001 | 5178 | ||
| 003 | CDMR | ||
| 005 | 20131213161643.0 | ||
| 008 | 130130s1987||||||||||||||||||||||||||||d | ||
| 020 | _a8476580495 | ||
| 040 |
_aCDMR _bcat _cCDMR |
||
| 245 | 4 |
_aLos intelectuales en la sociedad de la información _cPh. Schlesinger, ... [et al.] ; introducción y traducción de Vicente Romano |
|
| 260 |
_aBarcelona _c1987 _bAnthropos |
||
| 490 | 0 |
_aConciencia y libertad _v6 |
|
| 650 | 0 | 4 |
_93156 _aSocietat de la informació |
| 650 | 0 | 4 |
_94525 _aIntel·lectuals |
| 942 |
_cMON _2udc |
||
| 999 |
_c5178 _d5178 |
||